Normal view
MARC view
- Anderson, James A
Entry Personal Name
001 - CONTROL NUMBER
- control field: 113116
003 - CONTROL NUMBER IDENTIFIER
- control field: NUST
005 - DATE AND TIME OF LATEST TRANSACTION
- control field: 20230609101212.0
008 - FIXED-LENGTH DATA ELEMENTS
- fixed length control field: 230609|| aca||aabn | a|a d
040 ## - CATALOGING SOURCE
- Original cataloging agency: NUST
- Transcribing agency: NUST
100 ## - HEADING--PERSONAL NAME
- Personal name: Anderson, James A
670 ## - SOURCE DATA FOUND
- Source citation: Work cat.: (NUST)179607: Anderson, James A., An introduction to neural networks /, c1995.
